Visualizzazione normale
Vista MARC
- Sangalli Carlo, Trabucchi Marco (a cura di)
di Personal Name
Records bibliografici associati: 1
001 - CONTROL NUMBER
- control field: 60307
003 - CONTROL NUMBER IDENTIFIER
- control field:
005 - DATE AND TIME OF LATEST TRANSACTION
- control field: 20231102140531.0
008 - FIXED-LENGTH DATA ELEMENTS
- fixed length control field: 231102|| aca||aabn | a|a d
040 ## - CATALOGING SOURCE
- Original cataloging agency:
- Transcribing agency:
100 ## - HEADING--PERSONAL NAME
- Personal name: Sangalli Carlo, Trabucchi Marco (a cura di)
670 ## - SOURCE DATA FOUND
- Source citation: Work cat.: ()359890: Sangalli Carlo, Trabucchi Marco (a cura di), Ipotesi per il futuro degli anziani., 2021